000
00323nam a2200133Ia 4500
005
20260326235459.0
008
260326s9999||||xx |||||||||||||| ||und||
100
_a
Cannon-Brookes, P.C.
245
0
_a
Baroque churches /
_c
P.C. Cannon-Brookes
260
_b
Hamlyn
300
_a
189 p.
650
_a
ARQUITECTURA
942
_c
BK
999
_c
8011
_d
8011